书目信息 |
| 题名: |
中国八大地震震害摄影图集
|
|
| 作者: | ;国家地震局地质研究所 编 | |
| 分册: | ||
| 出版信息: | 北京 地震出版社 1983 |
|
| 页数: | 434页 | |
| 开本: | 27cm | |
| 丛书名: | ||
| 单 册: | ||
| 中图分类: | P315.9 | |
| 科图分类: | ||
| 主题词: | 岩石--物理学 , 固体地球物理学 | |
| 电子资源: | ||
| ISBN: | ||
| 000 | 00744nam0 2200241 45 | |
| 001 | 0183006138 | |
| 005 | 20051110110928.65 | |
| 010 | @dCNY20.00 | |
| 091 | @a13180.178 | |
| 100 | @a19950623d1983 em y0chiy0121 ea | |
| 101 | 0 | @achi |
| 102 | @aCN@b110000 | |
| 105 | @aa z 000yy | |
| 200 | 10 | @a中国八大地震震害摄影图集@Azhong guo ba da di zhen zhen hai she ying tu ji@f国家地震局地质研究所编@Fguo jia di zhen ju di zhi yan jiu suo bian |
| 210 | @a北京@c地震出版社@d1983 | |
| 215 | @a434页@d27cm | |
| 606 | 0 | @a岩石@x物理学 |
| 606 | 0 | @a固体地球物理学 |
| 690 | @aP315.9@v3 | |
| 711 | 02 | @a国家地震局地质研究所@Aguo jia di zhen ju di zhi yan jiu suo@4编 |
| 801 | 2 | @aCN@bNLC@c20051110 |
| 801 | 0 | @aCN@bTSSF |
| 905 | @a10447@dP315.9@e41 | |
| 中国八大地震震害摄影图集/国家地震局地质研究所编.-北京:地震出版社,1983 |
| 434页;27cm |
| ISBN :CNY20.00 |
| ● |
| 相关链接 |
|
|
|
|
正题名:中国八大地震震害摄影图集
索取号:P315.9/41
 
预约/预借
| 序号 | 登录号 | 条形码 | 馆藏地/架位号 | 状态 | 备注 |
| 1 | 0249129 | 202141440 | 密集书库/ [索取号:P315.9/41] | 在馆 |